=LDR 00000nam 2200000 4500 =001 INLIS000000000002580 =005 20130612090915 =008 ***********************************Ind** =035 ##$$0010-061300000002580 =041 ##$$a Ind =082 ##$$a 616 =090 ##$$a 616, Dan p =100 ##$$a Danusukarto, Sukoco =245 ##$$a Penyakit dalam, pencegahan dan perawatannya, Danusukarto, Sukoco =260 ##$$a 1989 $b Jakarta =300 ##$$a x,241 hlm, 20 cm =650 ##$$a Penyakit Dalam =850 ##$$a NBPNMAT